General knowledge #10 - Statistics

General Stats
  • This quiz has been taken 60 times
  • The average score is 11 of 20
Answer Stats
Hint Answer % Correct
What is the largest South American country Brazil
96%
What is the most powerful chess piece Queen
94%
What is the most farmed crop in asia Rice
89%
Greek king of the gods Zeus
89%
6th planet from the sun Saturn
81%
Are there any landlocked countries in North America or oceania No
80%
Out of these animals what are humans most closely related too bears, raccoons, kangaroos or squirrels Bears
78%
What is the only mammal capable of true flight Bat
72%
Singer of the band that performed under pressure and somebody to love Freddie mercury
67%
Finish the saying a penny saved is a penny_____ Earned
63%
What country did voodoo originate in Haiti
50%
What is the name of the town where the most Hershey chocolates are produced Hershey
44%
Gala, Fuji, and McIntosh are kinds of what Apples
43%
What country was the first to give women the right to vote New Zealand
43%
What is dog in Spanish Perro
43%
What is the name of the boss in the hit show the (american) office Michael
37%
What is the name of the person making this quiz ThebigAdaddy
31%
What is the third biggest country in asia not counting Russia Kazakstan
7%
What band sung the hit song heat waves Glass animals
4%
What kind of animal was given a name that both lollipops and snickers are named after Horse
0%
No matching quizzes found
Score Distribution
Percent of People with Each Score
Percentile by Number Answered
Your Score History
You have not taken this quiz